Les villes les plus peuplées de Haute-Garonne - Statistiques

Statistiques générales
  • Ce quiz a été pris 284 fois
  • Le résultat moyen est 10 sur 20
Statistiques - réponses
Population Ville % Correct
390 301 Toulouse
100%
20 590 Blagnac
91%
20 742 Muret
87%
28 538 Colomiers
86%
10 837 Saint-Gaudens
73%
22 745 Tournefeuille
70%
11 944 Balma
69%
12 139 L'Union
55%
8 737 Portet-sur-Garonne
50%
12 981 Cugnaux
47%
14 150 Plaisance-du-Touch
45%
10 394 Castanet-Tolosan
37%
8 375 Saint-Jean
34%
11 647 Ramonville-Saint-Agne
33%
8 023 Revel
26%
6 909 Fonsorbes
24%
10 997 Saint-Orens-de-Gameville
24%
7 440 Pibrac
21%
8 254 Villeneuve-Tolosane
17%
7 745 Castelginest
11%
Aucun quiz correspondant
Distribution des résultats
% des personnes avec chaque résultat
Percentile par nombre de réponses
Votre historique - résultats
Vous n’avez pas pris ce quiz